Construction industry forecasts (Record no. 81915)
[ view plain ]
| 000 -LEADER | |
|---|---|
| fixed length control field | 01000cab a22002055 4500 |
| 001 - CONTROL NUMBER | |
| control field | E148646 |
| 008 - FIXED-LENGTH DATA ELEMENTS--GENERAL INFORMATION | |
| fixed length control field | 091015e20091008xxk f 000 0 eng u |
| 035 ## - SYSTEM CONTROL NUMBER | |
| System control number | (Sirsi) u148646 |
| 041 0# - LANGUAGE CODE | |
| Language code of text/sound track or separate title | eng |
| 110 2# - MAIN ENTRY--CORPORATE NAME | |
| Corporate name or jurisdiction name as entry element | Constructing Excellence in the Built Environment |
| 9 (RLIN) | 4925 |
| 245 00 - TITLE STATEMENT | |
| Title | Construction industry forecasts |
| Remainder of title | autumn 2009 |
| Medium | [electronic resource] |
| 260 ## - PUBLICATION, DISTRIBUTION, ETC. | |
| Date of publication, distribution, etc. | 2009 |
| 490 #0 - SERIES STATEMENT | |
| Series statement | Constructing Excellence in the Built Environment News |
| Volume/sequential designation | 8 October 2009 |
| 520 ## - SUMMARY, ETC. | |
| Summary, etc. | Predicts that construction output will drop by 15% in 2009 and 2% in 2010, and then start growing again in 2011. Suggests that there is optimism in the housing sector, although recovery will be slow. |
| 590 ## - LOCAL NOTE (RLIN) | |
| Local note | KA NTK |
| 651 #4 - SUBJECT ADDED ENTRY--GEOGRAPHIC NAME | |
| Geographic name | United Kingdom |
| Chronological subdivision | |
| 690 ## - LOCAL SUBJECT ADDED ENTRY--TOPICAL TERM (OCLC, RLIN) | |
| Topical term or geographic name as entry element | Construction management |
| 9 (RLIN) | 6230 |
| 856 40 - ELECTRONIC LOCATION AND ACCESS | |
| Uniform Resource Identifier | <a href="https://www.constructingexcellence.org.uk/news/docs/Construction%20Industry%20Forecasts%20-%20Synopsis%20(Autumn%202009).pdf">https://www.constructingexcellence.org.uk/news/docs/Construction%20Industry%20Forecasts%20-%20Synopsis%20(Autumn%202009).pdf</a> |
| Public note | View the item free of charge (pdf file) at www.constructingexcellence.org.uk... |
| 942 ## - ADDED ENTRY ELEMENTS (KOHA) | |
| Suppress in OPAC | 0 |
| Withdrawn status | Lost status | Source of classification or shelving scheme | Damaged status | Not for loan | Home library | Current library | Shelving location | Date acquired | Total Checkouts | Full call number | Barcode | Date last seen | Copy number | Price effective from | Koha item type |
|---|---|---|---|---|---|---|---|---|---|---|---|---|---|---|---|
| Dewey Decimal Classification | Virtual | Virtual | Online | 15/10/2009 | ONLINE PUBLICATION | 148646-2001 | 06/08/2019 | 1 | 06/08/2019 | Journal article |